MARC details
| 000 -CABECERA |
| campo de control de longitud fija |
02087nam a2200301 i 4500 |
| 003 - IDENTIFICADOR DEL NÚMERO DE CONTROL |
| campo de control |
DO-SdBNP |
| 005 - FECHA Y HORA DE LA ÚLTIMA TRANSACCIÓN |
| campo de control |
20240325115414.0 |
| 007 - CAMPO FIJO DE DESCRIPCIÓN FÍSICA--INFORMACIÓN GENERAL |
| campo de control de longitud fija |
ta |
| 008 - DATOS DE LONGITUD FIJA--INFORMACIÓN GENERAL |
| campo de control de longitud fija |
240325s2019 dr ao 000 j spa d |
| 040 ## - FUENTE DE LA CATALOGACIÓN |
| Centro catalogador/agencia de origen |
DO-SdBNP |
| Lengua de catalogación |
spa |
| Centro/agencia transcriptor |
BNPHU |
| Normas de descripción |
rda |
| 082 ## - NÚMERO DE LA CLASIFICACIÓN DECIMAL DEWEY |
| Número de documento/Ítem |
G464 |
| Número de edición |
22 |
| 245 00 - MENCIÓN DE TÍTULO |
| Título |
Gilbert héroe de dos pueblos : |
| Resto del título |
documental / |
| Mención de responsabilidad, etc. |
producción Euri Cabral, Zinayda Rodríguez |
| 264 #1 - PRODUCCIÓN, PUBLICACIÓN, DISTRIBUCIÓN, FABRICACIÓN Y COPYRIGHT |
| Producción, publicación, distribución, fabricación y copyright |
Santo Domingo : |
| Nombre del de productor, editor, distribuidor, fabricante |
Ianna, |
| Fecha de producción, publicación, distribución, fabricación o copyright |
[2019]. |
| 300 ## - DESCRIPCIÓN FÍSICA |
| Extensión |
[36] páginas, |
| Otras características físicas |
ilustraciones, fotografías |
| Dimensiones |
28 cm. |
| 336 ## - TIPO DE CONTENIDO |
| Fuente |
rdacontent |
| Término de tipo de contenido |
texto |
| Código de tipo de contenido |
txt |
| 337 ## - TIPO DE MEDIO |
| Fuente |
rdamedia |
| Nombre/término del tipo de medio |
sin mediación |
| Código del tipo de medio |
n |
| 338 ## - TIPO DE SOPORTE |
| Fuente |
rdacarrier |
| Nombre/término del tipo de soporte |
volumen |
| Código del tipo de soporte |
nc |
| 500 ## - NOTA GENERAL |
| Nota general |
Ficha técnica de los productores, actores y demás. |
| 500 ## - NOTA GENERAL |
| Nota general |
Largometraje documental, con una duración de 1 hora y 33 minutos |
| 508 ## - NOTA DE CRÉDITOS DE CREACIÓN O PRODUCCIÓN |
| Nota de créditos de creación o producción |
Producción general, Euri Cabral, Zinayda Rodríguez ; producción asociada, Néstor Espinosa, Karen Llanes ; asistente dirección, Elvira Almonte ; Música original, Janina Rosado ; director de fotografía, Julio Frías ; luces, Enmanuel Ferry ; dirección técnica, Saulo Constanzo ; Investigación Margarita Jiménez ; Narración, Miguel Susana. |
| 508 ## - NOTA DE CRÉDITOS DE CREACIÓN O PRODUCCIÓN |
| Nota de créditos de creación o producción |
Empresas productoras: Señales TV y Bellaju Productions |
| 511 ## - NOTA DE PARTICIPANTES O INTÉRPRETES |
| Nota de participantes o intérpretes |
Actores principales, Teo Terrero, Ramón E. Candelario, Manuel Chapuseaux, Víctor Checo y Moisés Vincent. |
| 518 ## - NOTA DE FECHA/HORA Y LUGAR DE UN ACONTECIMIENTO |
| Nota de fecha/hora y lugar de un acontecimiento |
Países de producción: República Dominicana y Nicaragua. |
| 520 ## - SUMARIO, ETC. |
| Sumario, etc. |
¨Gilbert, héroe de dos pueblos¨ es un documental dramatizado, que narra la vida y las acciones de este héroe dominicano y nicaragüense. Teniendo solo 17 años, enfrentó las tropas norteamericanas invasoras de la República Dominicana en 1916; luego, se fue a combatir la invasión norteamericana a Nicaragua, junto con el General de Hombres Libres, Augusto César Sandino. Siendo un anciano y con limitaciones de salud, junto al coronel Francisco Alberto Caamaño Deño y el movimiento constitucionalista, nuevamente enfrentó las tropas invasoras que mancillaron la patria dominicana en 1965. |
| 590 ## - NOTA LOCAL (RLIN) |
| Nota local |
Inventariado, 2024/ YL |
| 910 ## - DATOS DE OPCIÓN DEL USUARIO (OCLC) |
| Datos de opción del usuario |
YLockward |
| 942 ## - ELEMENTOS DE PUNTO DE ACCESO ADICIONAL (KOHA) |
| Fuente del sistema de clasificación o colocación |
Dewey Decimal Classification |
| Tipo de ítem Koha |
Folleto |